Aircraft Structures for engineering Students, 3/e (Record no. 267258)
[ view plain ]
| 000 -LEADER | |
|---|---|
| fixed length control field | 00291 a2200121 4500 |
| 001 - CONTROL NUMBER | |
| control field | 32185 |
| 020 ## - INTERNATIONAL STANDARD BOOK NUMBER | |
| International Standard Book Number | 9780340705889 |
| 090 ## - LOCALLY ASSIGNED LC-TYPE CALL NUMBER (OCLC); LOCAL CALL NUMBER (RLIN) | |
| -- | 21629 |
| -- | 21629 |
| 100 ## - MAIN ENTRY--PERSONAL NAME | |
| Personal name | Megson, THG |
| 245 ## - TITLE STATEMENT | |
| Title | Aircraft Structures for engineering Students, 3/e |
| 250 ## - EDITION STATEMENT | |
| Edition statement | 3 |
| 260 ## - PUBLICATION, DISTRIBUTION, ETC. | |
| Place of publication, distribution, etc. | London |
| Name of publisher, distributor, etc. | Arnold |
| Date of publication, distribution, etc. | 1999 |
| 942 ## - ADDED ENTRY ELEMENTS (KOHA) | |
| Institution code [OBSOLETE] | NUST-CAE |
| Call number prefix | 629.1341 MEG |
| Withdrawn status | Lost status | Damaged status | Not for loan | Collection code | Permanent Location | Current Location | Date acquired | Total Checkouts | Full call number | Barcode | Date last seen | Price effective from | Koha item type |
|---|---|---|---|---|---|---|---|---|---|---|---|---|---|
| College of Aeronautical Engineering (CAE) | College of Aeronautical Engineering (CAE) | 04/03/2017 | 629.1341 MEG | CAE71752 | 04/05/2017 | 04/05/2017 | Book | ||||||
| College of Aeronautical Engineering (CAE) | College of Aeronautical Engineering (CAE) | 04/03/2017 | 629.1341 MEG | CAE75401 | 04/05/2017 | 04/05/2017 | Book |
